El garantismo jurídico de Luigi Ferrajoli: un estudio de filosofía del derecho sobre la frágil relación entre la democracia, la constitución y el estado de derecho

Αποθηκεύτηκε σε:
Λεπτομέρειες βιβλιογραφικής εγγραφής
Κύριος συγγραφέας: Mora Molina, Juan Jesús (autor)
Μορφή: Βιβλίο
Γλώσσα:Ισπανικά
Έκδοση: Huelva Universidad de Huelva 2004
Έκδοση:1a. ed
Σειρά:Bartolomé de las Casas, 7
Θέματα:
Ετικέτες: Προσθήκη ετικέτας
Δεν υπάρχουν, Καταχωρήστε ετικέτα πρώτοι!

MARC

LEADER 00000nam a2200000 a 4500
001 UCK7727
003 CL-VaPUC
008 051209e20040000SP |||||||||||||||||spa|d
020 |a 8488751826 
082 0 4 |a 340.1  |b MOR  |2 21 
100 |a Mora Molina, Juan Jesús  |e autor  |9 497304 
245 1 3 |a El garantismo jurídico de Luigi Ferrajoli: un estudio de filosofía del derecho sobre la frágil relación entre la democracia, la constitución y el estado de derecho 
250 |a 1a. ed 
300 |a 176 p 
942 |c BK 
945 |d 20051209 00:00:00  |a cmena 
260 |a Huelva  |b Universidad de Huelva  |c 2004 
650 0 |a Filosofía del derecho   |9 255050 
650 0 |a Democracia  |9 255256 
650 7 |a FILOSOFIA POLITICA  |2 CL-VaPUC  |9 497305 
650 0 |a Estado de derecho  |9 257795 
650 0 |a Derecho constitucional   |9 222588 
583 |a last modification  |c 20051209 00:00:00  |k Rodrigo Vera 
490 0 |a Bartolomé de las Casas, 7 
999 |c 315577  |d 315575 
952 |0 0  |1 0  |4 0  |6 340_100000000000000_MOR_2004  |7 0  |8 A  |9 388954  |a BIBDER  |b BIBDER  |d 2019-11-22  |i 4181794  |o 340.1 MOR 2004  |p 4181794  |r 2023-01-25  |w 2019-11-22  |y BK  |k DER